| 000 | 00631 a2200205 4500 | ||
|---|---|---|---|
| 999 |
_c4956 _d4956 |
||
| 020 | _a9781409103745 (pbk.) | ||
| 020 | _a1409103749 (pbk.) | ||
| 050 | 0 | 0 | _aPS3555 HAM 2009 |
| 100 | 1 |
_aHampson, June. _eauthor |
|
| 245 | 1 | 0 |
_aFatal cut / _cJune Hampson. |
| 264 |
_aLondon : _bOrion Books, _c2009. |
||
| 300 | _a373, 13 p. ; | ||
| 500 | _aOriginally published: 2009. | ||
| 650 | 0 | _aLane, Daisy (Fictitious character) | |
| 650 | 0 | _aGangsters | |
| 651 | 0 | _aGosport (England) | |
| 710 | 2 |
_aCopyright Paperback Collection (Library of Congress) _5DLC |
|
| 942 |
_2lcc _cBK _h3555 _iHAM _kPS |
||